01569nam a22002537a 45000010005000000030006000050050017000110080041000280200018000690400029000870500018001160820010001341000027001442450040001712600045002113000023002564900044002795050007003235200901003305210019012315210018012506500025012686500022012939847FISKH20260304144743.0260304b cb ||||| |||| 00| 0 eng d a9780141342429 aFISKHbengcFISKHdFISKH aPZ7 .R4829 .S a813.6 aRiordan, Rick eAuthor aThe sword of summer /cRick Riordan aNew York :bPenguin Random House ,c2015 a495 pages :c23 cm aMagnus Chase and the Gods of Asgard v1 aP  aFantasy. Juvenile Fiction. Juvenile Literature. Mythology. HTML:Magnus Chase has always been a troubled kid. Since his mother's mysterious death, he's lived alone on the streets of Boston, surviving by his wits, keeping one step ahead of the police and the truant officers. One day, he's tracked down by an uncle he barely knows-a man his mother claimed was dangerous. Uncle Randolph tells him an impossible secret: Magnus is the son of a Norse god. The Viking myths are true. The gods of Asgard are preparing for war. Trolls, giants and worse monsters are stirring for doomsday. To prevent Ragnarok, Magnus must search the Nine Worlds for a weapon that has been lost for thousands of years. When an attack by fire giants forces him to choose between his own safety and the lives of hundreds of innocents, Magnus makes a fatal decision. Sometimes, the only way to start a new life is to die . . .8 a630 bLexile 8 aP bRaz-Plus  aChildren vDemigods  aFantasy vFiction